000 00433nam a2200169Ia 4500
003 LK-CoDNM
005 20240731120752.0
008 010623t1921 xxu||||| |||| 00| 1 eng d
040 _aLK-CoDNM
_dLK-CoDNM
_eLK-CoDNM
041 _aeng
080 _a8
_bI12
100 _aSarup,Lakshman.
245 _aThe Nighatu and the Nirukta
260 _bHumphrey Milford,Oxford
_aLondon
_c1921
300 _biii, 259p. ; 24 cm
942 _cBK
999 _c90566
_d90566